00480nam a2200169 a 4500020001800000082001600018100002400034245004200058260003100100300001000131500003500141505002400176505002600200650002100226650003900247700002400286 a978937495431700a241.52bPOD aPodimattam, Felix M aTen Commandments in the Law of Christ aDelhi bMedia House c2013 a398p  aincludes index and biblioraphy2 aEpilogue, End Notes2 aEpilogue, End Notes00 aChristian Ethics aTheology (Law) - Biblical Teaching1 aPodimattam, Felix M